000 00626nam a2200229Ia 4500
003 OSt
005 20220923225901.0
006 a|||||r|||| 00| 0
007 ta
008 220922b |||||||| |||| 00| 0 pan d
024 _a275,635
037 _cTextual
040 _aARTS
_cARTS
_bpan
041 _2pan
_apan
082 _aO153,1NBAx, J6
100 _aਬਾਹਲਵੀ, ਗੁਰਬ॥F
_9168850
245 0 _aਸੀਮਾ
260 _c1956
650 _aਪੰਜਾਬੀ ਸਾਹਿਤ
942 _hO153,1NBAx, J6
_cTEXL
_2CC
999 _c381081
_d381081